The politics and economics of european integration: Britain, Europe, and the United States
Bewaard in:
| Hoofdauteur: | |
|---|---|
| Formaat: | Boek |
| Taal: | Engels |
| Gepubliceerd in: |
Nueva York
Frederick A. Praeger
1963
|
| Onderwerpen: | |
| Tags: |
Voeg label toe
Geen labels, Wees de eerste die dit record labelt!
|
MARC
| LEADER | 00000nam a2200000 a 4500 | ||
|---|---|---|---|
| 001 | UCT7751 | ||
| 003 | CL-VaPUC | ||
| 008 | 970317e19630000US |||||||||||||||||eng|d | ||
| 082 | 0 | 4 | |a 327.09 |b KIT |2 21 |
| 100 | |a Kitzinger, U. W |e author |9 378950 | ||
| 245 | 1 | 4 | |a The politics and economics of european integration: Britain, Europe, and the United States |
| 300 | |a 246 p | ||
| 942 | |c BK | ||
| 945 | |d 19970317 00:00:00 |a nastorga | ||
| 260 | |a Nueva York |b Frederick A. Praeger |c 1963 | ||
| 650 | 0 | |a Relaciones Internacionales |9 255740 | |
| 650 | 0 | |a Política económica |9 255029 | |
| 650 | 0 | |a Economía |9 255568 | |
| 650 | 0 | |a Integración económica |9 255024 | |
| 650 | 0 | |a Historia |9 255047 | |
| 651 | 0 | |a Europa |9 255156 | |
| 583 | |a last modification |c 19970317 00:00:00 |k Rodrigo Vera | ||
| 999 | |c 256299 |d 256297 | ||
| 952 | |0 0 |1 0 |4 0 |6 327_090000000000000_KIT_1963 |7 0 |8 A |9 278961 |a BIBDER |b BIBDER |d 2019-11-19 |i 1810529 |o 327.09 KIT 1963 |p 1810529 |r 2023-01-25 |w 2019-11-19 |y BK |k DER | ||